000 00274nam a22001217a 4500
082 _a823
_bDAV/F
100 _aDAVIDSON, MARGRET
245 _aFIVE TRUE DOG STORIES
260 _aNEW YORK
_bSCHOLASTIC INC
_c1977
300 _a47
650 _aENGLISH STORY
_zINDIA
942 _cBK
999 _c7410
_d7410